| 000 | 02296nas a2200349 i 4500 | ||
|---|---|---|---|
| 003 | DO-SdBB | ||
| 005 | 20260313103336.0 | ||
| 007 | ta | ||
| 008 | 260313e2009||||dr qn|p|r|||||| |0spa d | ||
| 022 | _a1017-0596 | ||
| 035 | _a(DO-SdBB)ES | ||
| 040 |
_aDO-SdBB _bspa _cDO-SdBNP _erda |
||
| 041 | _aspa | ||
| 110 |
_91433 _aCentro Montalvo. |
||
| 245 | 0 |
_aRevista estudios sociales : _binvestigación social que hace historia. |
|
| 264 |
_aSanto Domingo, República Dominicana : _bCentro Montalvo. _bInstituto Superior Pedro Francisco Bono, _c2009. |
||
| 270 |
_aCalle Josefa Brea, No. 65, Mejoramiento Social _bSanto Domingo. _dRepública Dominicana. _eApdo. 1004, |
||
| 300 |
_avolumen : _bilustraciones, fotografías, gráficas, tablas ; _c25.5 cm. |
||
| 310 | _aTrimestral. | ||
| 336 |
_atexto _btxt _2rdacontent |
||
| 337 |
_asin mediación _bn _2rdamedia |
||
| 338 |
_avolumen _bnc _2rdacarrier |
||
| 362 | _aAño 41. Vol. 40. Número 147, abril-junio 2009. | ||
| 500 | _aCatalogación basada en el: Año 41. Vol. 40. Número 147, abril-junio 2009. | ||
| 520 | _aLa Revista de Estudios Sociales, conocida como "Investigación Social Que Hace Historia", es una publicación periódica que presenta resultados de investigación en ciencias sociales y reflexiones o revisiones teóricas que aportan a debates relevantes en este campo. Publica también reseñas y ensayos bibliográficos con orientación crítica sobre temas propios de disciplinas como antropología, historia, sociología, ciencia política, filosofía, psicología, estudios culturales. La revista es una publicación trimestral que circula al inicio de cada período y tiene como objetivo contribuir a la difusión de las investigaciones, los análisis y las opiniones que sobre los problemas sociales elabora la comunidad académica nacional e internacional. | ||
| 650 | 1 | 7 |
_9786 _aInvestigación social _vPublicaciones periódicas _zRepública Dominicana |
| 650 | 1 | 0 |
_aCiencias políticas _2Publicaciones periódicas _92426 _zRepública Dominicana |
| 650 | 1 | 0 |
_aEstudios culturales _2Publicaciones periódicas _989205 _zRepública Dominicana |
| 650 | 1 | 0 |
_aFilosofía _2Publicaciones periódicas _9813 _zRepública Dominicana |
| 710 | 1 |
_91035 _aInstituto Superior Pedro Francisco Bonó |
|
| 942 |
_2ddc _cISSUE |
||
| 999 |
_c60501 _d60501 |
||